Представление документа в формате MARC21

Поле Инд. ПП Название Значение
Тип записи a
Библиографический уровень m
001 Контрольный номер RU/IS/BASE/331641858
005 Дата корректировки 20220805151549.3
020 a ISBN 5-368-00768-х
040 b Код языка каталог. rus
041 0_ a Код языка текста rus
080 a Индекс УДК 821.161.1
084 a Индекс другой классификации/Индекс ББК 84(2Рос=Рус)6
090 a Полочн. индекс 84(2Рос=Рус)6
c Каталожный индекс 84(2=рус)
x Авторский знак Г94
097 b Оператор 12
100 1_ a Автор Гумилёв Н. С.
245 10 a Заглавие Золотое сердце Росии
b Продолж. заглавия сочинения
260 a Место издания Кишинёв
b Издательство Литература артистикэ
c Дата издания 1990
300 a Объем 734 с.
510 a Примечание о ссылках Книги и методические пособия
650 14 a Основная рубрика 17.82 Произведения художественной литературы
x Основная подрубрика 17.82.40 Очерки, эссе
901 t Тип документа m